00263nam a2200109Ia 4500008004100000020001800041082001400059100002200073245002500095260001800120500001500138260604s9999 xx 000 0 und d a9781836595199 a158.1 NGU aBy natalie nguyen 0aAbnormal Psychology. bEd-Tech Press aPsychology